Fremdenhaß: Biologisch verwurzelt?

Saved in:  
Bibliographic Details
Main Author: Verbeek, Bernhard (Author)
Format: Print Article
Language:German
Published: 1993
In: Universitas. [Deutsche Ausgabe]
Year: 1993, Volume: 48, Issue: 7, Pages: 642-654
Availability in Tübingen:Present in Tübingen.
IFK: 7600
Check availability: HBZ Gateway
Keywords:

MARC

LEADER 00000caa a22000002c 4500
001 1640294627
003 DE-627
005 20220608131638.0
007 tu
008 160223s1993 xx ||||| 00| ||ger c
035 |a (DE-627)1640294627 
035 |a (DE-576)456107940 
035 |a (DE-599)BSZ456107940 
040 |a DE-627  |b ger  |c DE-627  |e rakwb 
041 |a ger 
100 1 |a Verbeek, Bernhard  |4 aut 
245 1 0 |a Fremdenhaß: Biologisch verwurzelt?  |c Bernhard Verbeek 
264 1 |c 1993 
336 |a Text  |b txt  |2 rdacontent 
337 |a ohne Hilfsmittel zu benutzen  |b n  |2 rdamedia 
338 |a Band  |b nc  |2 rdacarrier 
773 0 8 |i In  |t Universitas. [Deutsche Ausgabe]  |d Heidelberg : Heidelberger Lese-Zeiten-Verl., 1946  |g 48(1993), 7, Seite 642-654  |w (DE-627)129478806  |w (DE-600)203995-3  |w (DE-576)01486021X  |x 0041-9079  |7 nnas 
773 1 8 |g volume:48  |g year:1993  |g number:7  |g pages:642-654 
935 |a mkri 
951 |a AR 
ELC |b 1 
LOK |0 000 xxxxxcx a22 zn 4500 
LOK |0 001 3301830250 
LOK |0 003 DE-627 
LOK |0 004 1640294627 
LOK |0 005 20160223101557 
LOK |0 008 160208||||||||||||||||ger||||||| 
LOK |0 040   |a DE-21-110  |c DE-627  |d DE-21-110 
LOK |0 689   |a s  |a Anlage-Umwelt 
LOK |0 689   |a s  |a Fremdenfeindlichkeit 
LOK |0 852   |a DE-21-110 
LOK |0 852 1  |c 7600  |m p  |9 00 
LOK |0 935   |a k110 
LOK |0 938   |k p 
LOK |0 939   |a 08-02-16  |b l01 
ORI |a SA-MARC-krimdoka001.raw 
SIG |a IFK: 7600